Sociálno-ekonomické príčiny Arabskej jari bakalárska práca

Salvato in:
Dettagli Bibliografici
Autore principale: Graňáková, Daniela
Ente Autore: Fakulta medzinárodných vzťahov EU. Katedra medzinárodných ekonomických vzťahov a hospodárskej diplomacie
Altri autori: Satková, Monika
Natura: Libro
Lingua:slovacco
Pubblicazione: Bratislava 2014
Tags: Aggiungi Tag
Nessun Tag, puoi essere il primo ad aggiungerne!!

MARC

LEADER 00000nbm a2200000 4500
001 0187726
005 20170201090823.7
041 0 |a slo 
044 |a SK 
245 1 0 |a Sociálno-ekonomické príčiny Arabskej jari  |b bakalárska práca  |c Daniela Graňáková ; školiteľ: Monika Satková 
264 1 |a Bratislava  |c 2014 
300 |a 51 s. 
100 1 |a Graňáková, Daniela 
700 1 |a Satková, Monika 
710 2 |a Fakulta medzinárodných vzťahov EU. Katedra medzinárodných ekonomických vzťahov a hospodárskej diplomacie